000 00512nam a2200193Ia 4500
005 20250923144726.0
008 008 250917s9999 xx 000 0 eng d
037 _aTextual
040 _aDSWL
_beng
_cDSWL
041 _aeng
_2eng
084 _aY:45:51.2'N2
_qDSWL
100 _aCox, Edward C.
_9827789
245 0 _aPolice and crime in India
_cby Edward C. Cox
260 _b. .
365 _aINR
_b15
925 _g15
942 _cTEXL
_hY:45:51.2'N2
999 _c1442548
_d1442548